[Event "Open"]
[Site "Saint Louis, US"]
[Date "2025.10.23"]
[Round "10"]
[White "Caruana, Fabiano"]
[Black "Mishra, Abhimanyu"]
[Result "1-0"]
[Board "5"]
[WhiteFideId "2020009"]
[BlackFideId "30920019"]
[WhiteTitle "GM"]
[BlackTitle "GM"]
[WhiteElo "2789"]
[BlackElo "2652"]
[WhiteTeam "USA"]
[BlackTeam "USA"]
[WhiteClock "0:03:00"]
[BlackClock "0:01:44"]
[Variant "Standard"]

1. e4 {[%clk 1:30:57]}  c5 {[%clk 1:30:58]} 2. Nf3 {[%clk 1:31:21]}  d6 {[%clk 1:31:25]} 3. d4 {[%clk 1:31:44]}  cxd4 {[%clk 1:31:48]} 4. Nxd4 {[%clk 1:32:09]}  Nf6 {[%clk 1:32:13]} 5. Nc3 {[%clk 1:32:34]}  a6 {[%clk 1:32:40]} 6. g3 {[%clk 1:32:58]}  e5 {[%clk 1:33:05]} 7. Nb3 {[%clk 1:33:19]}  Be7 {[%clk 1:32:41]} 8. Bg2 {[%clk 1:33:41]}  O-O {[%clk 1:26:20]} 9. O-O {[%clk 1:33:57]}  b5 {[%clk 1:23:32]} 10. a4 {[%clk 1:34:03]}  b4 {[%clk 1:23:22]} 11. Nd5 {[%clk 1:34:28]}  Nxd5 {[%clk 1:23:30]} 12. Qxd5 {[%clk 1:34:52]}  Ra7 {[%clk 1:23:33]} 13. Be3 {[%clk 1:35:16]}  Be6 {[%clk 1:22:57]} 14. Qd3 {[%clk 1:35:40]}  Ra8 {[%clk 1:21:48]} 15. f4 {[%clk 1:32:33]}  a5 {[%clk 1:20:09]} 16. Nd2 {[%clk 1:32:36]}  Nc6 {[%clk 1:09:00]} 17. Nc4 {[%clk 1:28:37]}  Nd4 {[%clk 1:00:49]} 18. Bxd4 {[%clk 1:15:21]}  exd4 {[%clk 0:55:33]} 19. Nd2 {[%clk 1:05:49]}  Rc8 {[%clk 0:55:33]} 20. Rf2 {[%clk 1:06:14]}  Bf6 {[%clk 0:51:49]} 21. Bf1 {[%clk 0:46:04]}  Qb6 {[%clk 0:46:11]} 22. Kg2 {[%clk 0:36:05]}  Rc7 {[%clk 0:40:36]} 23. Nb3 {[%clk 0:35:25]}  Bxb3 {[%clk 0:23:48]} 24. cxb3 {[%clk 0:34:28]}  Rfc8 {[%clk 0:23:35]} 25. Qd1 {[%clk 0:29:45]}  Qb7 {[%clk 0:22:26]} 26. Bd3 {[%clk 0:29:43]}  g6 {[%clk 0:22:04]} 27. h4 {[%clk 0:26:46]}  Kg7 {[%clk 0:19:48]} 28. Kh2 {[%clk 0:21:27]}  Rc5 {[%clk 0:18:54]} 29. Qf3 {[%clk 0:18:18]}  Kh8 {[%clk 0:17:36]} 30. Bc4 {[%clk 0:16:16]}  Re8 {[%clk 0:16:50]} 31. Re1 {[%clk 0:16:28]}  Re7 {[%clk 0:15:45]} 32. Rfe2 {[%clk 0:13:19]}  Qd7 {[%clk 0:08:36]} 33. Kg2 {[%clk 0:13:14]}  Kg7 {[%clk 0:05:57]} 34. Bd3 {[%clk 0:07:30]}  h5 {[%clk 0:04:59]} 35. Kh2 {[%clk 0:04:29]}  Qg4 {[%clk 0:04:17]} 36. Qf1 {[%clk 0:04:43]}  Kh7 {[%clk 0:03:30]} 37. Rf2 {[%clk 0:04:42]}  Qd7 {[%clk 0:03:21]} 38. Bb5 {[%clk 0:00:44]}  Qg4 {[%clk 0:01:19]} 39. Bc4 {[%clk 0:00:49]}  Kh8 {[%clk 0:00:51]} 40. Bd3 {[%clk 0:00:42]}  Kg8 {[%clk 0:00:41]} 41. Bc4 {[%clk 0:19:49]}  Kh8 {[%clk 0:22:57]} 42. Rfe2 {[%clk 0:17:42]}  Kg7 {[%clk 0:14:11]} 43. Qf2 {[%clk 0:17:12]}  Qd7 {[%clk 0:13:57]} 44. Rf1 {[%clk 0:14:24]}  Qg4 {[%clk 0:12:16]} 45. Ree1 {[%clk 0:13:03]}  Qd7 {[%clk 0:11:01]} 46. Qf3 {[%clk 0:11:32]}  Qg4 {[%clk 0:10:17]} 47. Qxg4 {[%clk 0:11:38]}  hxg4 {[%clk 0:10:45]} 48. Bd3 {[%clk 0:11:58]}  Rec7 {[%clk 0:09:40]} 49. Kg2 {[%clk 0:11:55]}  Kf8 {[%clk 0:07:17]} 50. Kf2 {[%clk 0:12:18]}  Bg7 {[%clk 0:06:34]} 51. Ke2 {[%clk 0:12:00]}  Bf6 {[%clk 0:02:57]} 52. Kd2 {[%clk 0:12:24]}  Re7 {[%clk 0:02:39]} 53. Re2 {[%clk 0:10:05]}  Bg7 {[%clk 0:02:35]} 54. Rfe1 {[%clk 0:10:14]}  Bf6 {[%clk 0:02:06]} 55. Bc4 {[%clk 0:07:55]}  Kg7 {[%clk 0:01:54]} 56. Kd3 {[%clk 0:08:16]}  Kh6 {[%clk 0:02:02]} 57. Rf1 {[%clk 0:07:24]}  Bg7 {[%clk 0:02:07]} 58. Rfe1 {[%clk 0:07:17]}  Bh8 {[%clk 0:02:15]} 59. Kd2 {[%clk 0:04:02]}  Bg7 {[%clk 0:02:29]} 60. Bd3 {[%clk 0:04:21]}  Rec7 {[%clk 0:02:38]} 61. Rf1 {[%clk 0:03:15]}  Kh7 {[%clk 0:02:49]} 62. Bc4 {[%clk 0:03:07]}  Re7 {[%clk 0:02:45]} 63. Kd3 {[%clk 0:03:16]}  Kh6 {[%clk 0:01:53]} 64. Ree1 {[%clk 0:03:04]}  Bf6 {[%clk 0:01:42]} 65. Rc1 {[%clk 0:02:48]}  Rec7 {[%clk 0:01:48]} 66. Rc2 {[%clk 0:02:55]}  Kg7 {[%clk 0:01:56]} 67. Rfc1 {[%clk 0:02:43]}  Kf8 {[%clk 0:01:50]} 68. Kd2 {[%clk 0:02:21]}  Ke7 {[%clk 0:01:13]} 69. Be2 {[%clk 0:02:46]}  d3 {[%clk 0:00:39]} 70. Rxc5 {[%clk 0:02:39]}  dxc5 {[%clk 0:00:07]} 71. Bxd3 {[%clk 0:01:38]}  Bxb2 {[%clk 0:01:18]} 72. Rh1 {[%clk 0:02:06]}  Bd4 {[%clk 0:00:44]} 73. Ke2 {[%clk 0:02:22]}  Rc8 {[%clk 0:00:34]} 74. e5 {[%clk 0:00:49]}  Rh8 {[%clk 0:00:40]} 75. Rd1 {[%clk 0:00:36]}  f6 {[%clk 0:00:39]} 76. Bxg6 {[%clk 0:00:57]}  fxe5 {[%clk 0:01:04]} 77. fxe5 {[%clk 0:01:23]}  Bxe5 {[%clk 0:01:13]} 78. h5 {[%clk 0:01:49]}  Kf6 {[%clk 0:01:03]} 79. Rf1+ {[%clk 0:01:16]}  Kg7 {[%clk 0:01:31]} 80. Rf5 {[%clk 0:01:39]}  Bxg3 {[%clk 0:01:20]} 81. Rxc5 {[%clk 0:01:10]}  Rf8 {[%clk 0:01:04]} 82. Rxa5 {[%clk 0:01:14]}  Rf2+ {[%clk 0:00:48]} 83. Kd3 {[%clk 0:01:41]}  Rf3+ {[%clk 0:00:56]} 84. Kc4 {[%clk 0:01:25]}  Rf4+ {[%clk 0:00:40]} 85. Kd5 {[%clk 0:01:16]}  Bf2 {[%clk 0:01:06]} 86. Ra6 {[%clk 0:00:40]}  g3 {[%clk 0:00:37]} 87. Be4 {[%clk 0:01:06]}  Rh4 {[%clk 0:00:52]} 88. Rg6+ {[%clk 0:01:05]}  Kh7 {[%clk 0:00:34]} 89. Rg4+ {[%clk 0:01:14]}  Kh6 {[%clk 0:00:32]} 90. Rxh4 {[%clk 0:01:42]}  g2 {[%clk 0:01:00]} 91. Bxg2 {[%clk 0:02:08]}  Bxh4 {[%clk 0:01:27]} 92. Bf3 {[%clk 0:02:34]}  Bd8 {[%clk 0:01:44]} 93. Kc5 {[%clk 0:03:00]} 1-0

[Event "Open"]
[Site "Saint Louis, US"]
[Date "2025.10.23"]
[Round "10"]
[White "Woodward, Andy"]
[Black "Shankland, Sam"]
[Result "1/2-1/2"]
[Board "6"]
[WhiteFideId "30953499"]
[BlackFideId "2004887"]
[WhiteTitle "GM"]
[BlackTitle "GM"]
[WhiteElo "2590"]
[BlackElo "2654"]
[WhiteTeam "USA"]
[BlackTeam "USA"]
[WhiteClock "0:13:04"]
[BlackClock "0:57:14"]
[Variant "Standard"]

1. d4 {[%clk 1:30:56]}  Nf6 {[%clk 1:30:49]} 2. Nf3 {[%clk 1:31:12]}  c5 {[%clk 1:31:09]} 3. d5 {[%clk 1:30:49]}  b5 {[%clk 1:31:35]} 4. Bg5 {[%clk 1:30:27]}  g6 {[%clk 1:31:58]} 5. Bxf6 {[%clk 1:27:48]}  exf6 {[%clk 1:32:24]} 6. e4 {[%clk 1:27:54]}  b4 {[%clk 1:32:50]} 7. Nbd2 {[%clk 1:26:53]}  Bg7 {[%clk 1:33:07]} 8. Nc4 {[%clk 1:25:45]}  O-O {[%clk 1:32:57]} 9. Bd3 {[%clk 1:25:44]}  d6 {[%clk 1:33:09]} 10. Nfd2 {[%clk 1:23:28]}  f5 {[%clk 1:20:38]} 11. exf5 {[%clk 1:17:21]}  Bb7 {[%clk 1:19:30]} 12. Be4 {[%clk 1:12:45]}  gxf5 {[%clk 1:14:43]} 13. Bxf5 {[%clk 1:12:43]}  Nd7 {[%clk 1:14:04]} 14. O-O {[%clk 1:11:47]}  Nf6 {[%clk 1:11:02]} 15. Ne3 {[%clk 1:11:05]}  Nxd5 {[%clk 1:02:11]} 16. Nxd5 {[%clk 1:10:41]}  Bxd5 {[%clk 1:02:37]} 17. Bxh7+ {[%clk 1:09:52]}  Kxh7 {[%clk 1:03:02]} 18. Qh5+ {[%clk 1:10:15]}  Bh6 {[%clk 1:02:38]} 19. Qxd5 {[%clk 1:08:47]}  Qg5 {[%clk 1:02:27]} 20. Qxg5 {[%clk 1:03:52]}  Bxg5 {[%clk 1:02:52]} 21. Ne4 {[%clk 1:04:16]}  Bf4 {[%clk 1:01:04]} 22. Rad1 {[%clk 1:00:20]}  Rad8 {[%clk 1:00:54]} 23. Rd5 {[%clk 0:55:48]}  f5 {[%clk 1:00:11]} 24. Nd2 {[%clk 0:54:25]}  Rfe8 {[%clk 0:56:15]} 25. Rd1 {[%clk 0:51:32]}  Re2 {[%clk 0:54:58]} 26. Kf1 {[%clk 0:51:08]}  Rxd2 {[%clk 0:55:24]} 27. R1xd2 {[%clk 0:51:30]}  Bxd2 {[%clk 0:55:50]} 28. Rxd2 {[%clk 0:51:53]}  Kg6 {[%clk 0:56:00]} 29. f4 {[%clk 0:47:03]}  d5 {[%clk 0:51:15]} 30. h3 {[%clk 0:41:16]}  Rd6 {[%clk 0:49:16]} 31. b3 {[%clk 0:36:30]}  Ra6 {[%clk 0:42:14]} 32. Rxd5 {[%clk 0:36:10]}  c4 {[%clk 0:42:40]} 33. Rd4 {[%clk 0:29:51]}  c3 {[%clk 0:43:06]} 34. Ke2 {[%clk 0:30:15]}  Rxa2 {[%clk 0:43:32]} 35. Kd3 {[%clk 0:30:24]}  a5 {[%clk 0:43:59]} 36. Rd6+ {[%clk 0:27:55]}  Kg7 {[%clk 0:43:53]} 37. Rd5 {[%clk 0:27:08]}  Kg6 {[%clk 0:43:32]} 38. g4 {[%clk 0:16:40]}  a4 {[%clk 0:41:20]} 39. Rxf5 {[%clk 0:00:44]}  axb3 {[%clk 0:41:25]} 40. cxb3 {[%clk 0:01:12]}  Rd2+ {[%clk 0:39:25]} 41. Ke4 {[%clk 0:27:33]}  Re2+ {[%clk 1:08:41]} 42. Kd3 {[%clk 0:25:59]}  Rd2+ {[%clk 1:09:06]} 43. Ke3 {[%clk 0:25:46]}  Rb2 {[%clk 1:09:09]} 44. h4 {[%clk 0:13:51]}  Rxb3 {[%clk 1:09:03]} 45. h5+ {[%clk 0:14:20]}  Kg7 {[%clk 1:08:26]} 46. Rc5 {[%clk 0:14:10]}  c2+ {[%clk 0:56:13]} 47. Kd2 {[%clk 0:14:37]}  Rf3 {[%clk 0:56:40]} 48. Rc7+ {[%clk 0:13:52]}  Kh6 {[%clk 0:56:32]} 49. Rc6+ {[%clk 0:14:04]}  Kh7 {[%clk 0:56:31]} 50. Kxc2 {[%clk 0:12:32]}  Rxf4 {[%clk 0:56:41]} 51. g5 {[%clk 0:12:56]}  Rh4 {[%clk 0:55:43]} 52. Rc7+ {[%clk 0:12:46]}  Kh8 {[%clk 0:55:42]} 53. Rc8+ {[%clk 0:12:57]}  Kh7 {[%clk 0:55:28]} 54. Rc7+ {[%clk 0:11:14]}  Kh8 {[%clk 0:55:53]} 55. h6 {[%clk 0:11:15]}  Rg4 {[%clk 0:55:47]} 56. Rc5 {[%clk 0:11:38]}  Rg3 {[%clk 0:55:53]} 57. Rb5 {[%clk 0:12:02]}  b3+ {[%clk 0:55:52]} 58. Rxb3 {[%clk 0:12:21]}  Rxg5 {[%clk 0:56:21]} 59. Rb2 {[%clk 0:12:41]}  Rg2+ {[%clk 0:56:47]} 60. Kb1 {[%clk 0:13:04]}  Rxb2+ {[%clk 0:57:14]} 1/2-1/2

[Event "Open"]
[Site "Saint Louis, US"]
[Date "2025.10.24"]
[Round "11"]
[White "Mishra, Abhimanyu"]
[Black "Woodward, Andy"]
[Result "1/2-1/2"]
[Board "1"]
[WhiteFideId "30920019"]
[BlackFideId "30953499"]
[WhiteTitle "GM"]
[BlackTitle "GM"]
[WhiteElo "2652"]
[BlackElo "2590"]
[WhiteTeam "USA"]
[BlackTeam "USA"]
[WhiteClock "0:14:21"]
[BlackClock "0:34:59"]
[Variant "Standard"]

1. e4 {[%clk 1:30:59]}  e5 {[%clk 1:30:48]} 2. Nf3 {[%clk 1:31:26]}  Nc6 {[%clk 1:31:08]} 3. Bb5 {[%clk 1:31:54]}  a6 {[%clk 1:31:25]} 4. Ba4 {[%clk 1:32:19]}  Nf6 {[%clk 1:31:45]} 5. O-O {[%clk 1:32:22]}  b5 {[%clk 1:31:49]} 6. Bb3 {[%clk 1:32:48]}  Bc5 {[%clk 1:32:11]} 7. a4 {[%clk 1:33:06]}  Bb7 {[%clk 1:32:29]} 8. d3 {[%clk 1:33:21]}  O-O {[%clk 1:32:35]} 9. Be3 {[%clk 1:33:10]}  Be7 {[%clk 1:30:31]} 10. Nc3 {[%clk 1:27:55]}  Na5 {[%clk 1:28:02]} 11. Ba2 {[%clk 1:21:11]}  b4 {[%clk 1:24:27]} 12. Ne2 {[%clk 1:13:40]}  d5 {[%clk 1:24:33]} 13. Nxe5 {[%clk 1:08:51]}  dxe4 {[%clk 1:23:31]} 14. Ng3 {[%clk 1:07:31]}  exd3 {[%clk 1:22:15]} 15. Nxd3 {[%clk 0:58:31]}  Re8 {[%clk 1:06:46]} 16. Re1 {[%clk 0:57:26]}  Bd5 {[%clk 1:05:29]} 17. Bxd5 {[%clk 0:52:45]}  Qxd5 {[%clk 1:04:01]} 18. Bf4 {[%clk 0:52:35]}  c5 {[%clk 0:56:46]} 19. Re5 {[%clk 0:40:11]}  Qd7 {[%clk 0:56:29]} 20. Nh5 {[%clk 0:33:00]}  Rad8 {[%clk 0:45:00]} 21. Nxf6+ {[%clk 0:27:19]}  Bxf6 {[%clk 0:45:10]} 22. Rxc5 {[%clk 0:26:52]}  Nb3 {[%clk 0:43:18]} 23. cxb3 {[%clk 0:24:42]}  Qxd3 {[%clk 0:43:10]} 24. Qc2 {[%clk 0:20:59]}  h6 {[%clk 0:39:11]} 25. Be3 {[%clk 0:19:30]}  Bxb2 {[%clk 0:37:12]} 26. Rb1 {[%clk 0:18:17]}  Qxc2 {[%clk 0:36:06]} 27. Rxc2 {[%clk 0:18:46]}  Bd4 {[%clk 0:35:35]} 28. Bxd4 {[%clk 0:18:48]}  Rxd4 {[%clk 0:35:57]} 29. Kf1 {[%clk 0:14:23]}  Re6 {[%clk 0:32:00]} 30. Re1 {[%clk 0:14:14]}  Red6 {[%clk 0:30:24]} 31. Re3 {[%clk 0:13:15]}  g5 {[%clk 0:30:40]} 32. g3 {[%clk 0:13:08]}  Kg7 {[%clk 0:31:01]} 33. Kg2 {[%clk 0:12:36]}  Rd3 {[%clk 0:31:18]} 34. Rxd3 {[%clk 0:10:45]}  Rxd3 {[%clk 0:31:42]} 35. Rc6 {[%clk 0:11:13]}  Rxb3 {[%clk 0:32:04]} 36. Rxa6 {[%clk 0:11:35]}  Ra3 {[%clk 0:32:31]} 37. a5 {[%clk 0:11:56]}  b3 {[%clk 0:32:59]} 38. Rb6 {[%clk 0:12:20]}  Rxa5 {[%clk 0:33:25]} 39. Rxb3 {[%clk 0:12:43]}  Ra4 {[%clk 0:33:52]} 40. Rb1 {[%clk 0:13:05]}  Ra5 {[%clk 0:33:41]} 41. Rb3 {[%clk 0:13:28]}  Ra4 {[%clk 0:34:44]} 42. Rb1 {[%clk 0:13:55]}  Ra5 {[%clk 0:35:10]} 43. Rb3 {[%clk 0:14:21]}  Ra4 {[%clk 0:34:59]} 1/2-1/2

[Event "Open"]
[Site "Saint Louis, US"]
[Date "2025.10.24"]
[Round "11"]
[White "Shankland, Sam"]
[Black "Liang, Awonder"]
[Result "1/2-1/2"]
[Board "2"]
[WhiteFideId "2004887"]
[BlackFideId "2056437"]
[WhiteTitle "GM"]
[BlackTitle "GM"]
[WhiteElo "2654"]
[BlackElo "2710"]
[WhiteTeam "USA"]
[BlackTeam "USA"]
[WhiteClock "0:08:36"]
[BlackClock "0:08:27"]
[Variant "Standard"]

1. e4 {[%clk 1:30:58]}  e5 {[%clk 1:29:50]} 2. Nf3 {[%clk 1:31:21]}  Nc6 {[%clk 1:30:16]} 3. Bb5 {[%clk 1:31:45]}  a6 {[%clk 1:30:41]} 4. Ba4 {[%clk 1:32:10]}  Nf6 {[%clk 1:31:06]} 5. O-O {[%clk 1:32:34]}  Be7 {[%clk 1:31:31]} 6. Re1 {[%clk 1:32:58]}  b5 {[%clk 1:31:56]} 7. Bb3 {[%clk 1:33:24]}  O-O {[%clk 1:32:18]} 8. c3 {[%clk 1:33:36]}  Na5 {[%clk 1:29:19]} 9. Bc2 {[%clk 1:31:07]}  d5 {[%clk 1:29:33]} 10. d4 {[%clk 1:31:54]}  dxe4 {[%clk 1:29:27]} 11. Nxe5 {[%clk 1:32:19]}  c5 {[%clk 1:28:10]} 12. Bg5 {[%clk 1:30:28]}  Bb7 {[%clk 1:25:37]} 13. Nd2 {[%clk 1:27:27]}  cxd4 {[%clk 1:05:07]} 14. cxd4 {[%clk 1:27:47]}  Qxd4 {[%clk 1:02:35]} 15. Nxe4 {[%clk 1:27:38]}  Qxd1 {[%clk 1:02:56]} 16. Raxd1 {[%clk 1:28:02]}  Rac8 {[%clk 1:02:43]} 17. Bb1 {[%clk 1:24:47]}  Bxe4 {[%clk 1:01:42]} 18. Bxe4 {[%clk 1:24:51]}  Bb4 {[%clk 1:02:00]} 19. Re2 {[%clk 1:23:13]}  Nxe4 {[%clk 1:02:12]} 20. Rxe4 {[%clk 1:23:38]}  Rfe8 {[%clk 1:02:34]} 21. Rxb4 {[%clk 1:18:38]}  Rxe5 {[%clk 1:02:52]} 22. Rbd4 {[%clk 1:17:42]}  f6 {[%clk 1:02:39]} 23. Bf4 {[%clk 1:05:52]}  Re2 {[%clk 1:02:45]} 24. h4 {[%clk 1:06:19]}  Rxb2 {[%clk 1:01:23]} 25. Rd7 {[%clk 1:05:54]}  Rxa2 {[%clk 0:59:26]} 26. h5 {[%clk 0:56:49]}  Ra4 {[%clk 0:55:48]} 27. g3 {[%clk 0:53:56]}  h6 {[%clk 0:55:40]} 28. R1d6 {[%clk 0:45:54]}  Nc6 {[%clk 0:52:07]} 29. Kg2 {[%clk 0:43:30]}  Rc4 {[%clk 0:49:36]} 30. Kh3 {[%clk 0:42:28]}  Rc5 {[%clk 0:48:13]} 31. Kg4 {[%clk 0:37:51]}  Kh8 {[%clk 0:39:56]} 32. Rb7 {[%clk 0:34:23]}  a5 {[%clk 0:26:34]} 33. Kh4 {[%clk 0:28:41]}  a4 {[%clk 0:22:16]} 34. Bxh6 {[%clk 0:26:16]}  gxh6 {[%clk 0:21:20]} 35. Rxf6 {[%clk 0:25:09]}  Ne5 {[%clk 0:18:56]} 36. Rxh6+ {[%clk 0:22:46]}  Kg8 {[%clk 0:19:16]} 37. Rhh7 {[%clk 0:22:23]}  Nf3+ {[%clk 0:07:34]} 38. Kg4 {[%clk 0:22:40]}  Ne5+ {[%clk 0:07:38]} 39. Kh4 {[%clk 0:13:41]}  Nf3+ {[%clk 0:08:01]} 40. Kg4 {[%clk 0:14:08]}  Ne5+ {[%clk 0:08:27]} 41. Kh4 {[%clk 0:08:36]} 1/2-1/2

[Event "Open"]
[Site "Saint Louis, US"]
[Date "2025.10.24"]
[Round "11"]
[White "Aronian, Levon"]
[Black "Caruana, Fabiano"]
[Result "1/2-1/2"]
[Board "3"]
[WhiteFideId "13300474"]
[BlackFideId "2020009"]
[WhiteTitle "GM"]
[BlackTitle "GM"]
[WhiteElo "2722"]
[BlackElo "2789"]
[WhiteTeam "USA"]
[BlackTeam "USA"]
[WhiteClock "1:16:09"]
[BlackClock "1:22:55"]
[Variant "Standard"]

1. e4 {[%clk 1:30:56]}  e5 {[%clk 1:30:53]} 2. Nf3 {[%clk 1:31:18]}  Nc6 {[%clk 1:31:19]} 3. Bb5 {[%clk 1:31:24]}  a6 {[%clk 1:31:24]} 4. Ba4 {[%clk 1:31:46]}  Nf6 {[%clk 1:31:45]} 5. O-O {[%clk 1:32:06]}  Nxe4 {[%clk 1:31:28]} 6. d4 {[%clk 1:32:17]}  Be7 {[%clk 1:31:50]} 7. Re1 {[%clk 1:28:38]}  b5 {[%clk 1:32:05]} 8. Rxe4 {[%clk 1:28:29]}  d5 {[%clk 1:32:28]} 9. Nxe5 {[%clk 1:28:52]}  Nxe5 {[%clk 1:32:50]} 10. Rxe5 {[%clk 1:25:49]}  bxa4 {[%clk 1:33:03]} 11. b3 {[%clk 1:20:24]}  O-O {[%clk 1:32:21]} 12. Rxe7 {[%clk 1:18:09]}  Qxe7 {[%clk 1:32:35]} 13. Ba3 {[%clk 1:18:36]}  Qg5 {[%clk 1:29:10]} 14. Bxf8 {[%clk 1:19:00]}  Bh3 {[%clk 1:29:26]} 15. Qf1 {[%clk 1:18:55]}  Kxf8 {[%clk 1:26:53]} 16. Nc3 {[%clk 1:19:00]}  axb3 {[%clk 1:26:26]} 17. axb3 {[%clk 1:18:54]}  Re8 {[%clk 1:24:58]} 18. Kh1 {[%clk 1:16:06]}  Qd2 {[%clk 1:21:15]} 19. Nxd5 {[%clk 1:14:03]}  Bxg2+ {[%clk 1:20:59]} 20. Qxg2 {[%clk 1:14:25]}  Re1+ {[%clk 1:21:26]} 21. Rxe1 {[%clk 1:14:49]}  Qxe1+ {[%clk 1:21:53]} 22. Qg1 {[%clk 1:15:15]}  Qe4+ {[%clk 1:22:19]} 23. Qg2 {[%clk 1:15:39]}  Qe1+ {[%clk 1:22:44]} 24. Qg1 {[%clk 1:16:05]}  Qe4+ {[%clk 1:23:09]} 25. Qg2 {[%clk 1:16:09]}  Qe1+ {[%clk 1:22:55]} 1/2-1/2

[Event "Open"]
[Site "Saint Louis, US"]
[Date "2025.10.24"]
[Round "11"]
[White "Robson, Ray"]
[Black "Sevian, Samuel"]
[Result "1/2-1/2"]
[Board "4"]
[WhiteFideId "2023970"]
[BlackFideId "2040506"]
[WhiteTitle "GM"]
[BlackTitle "GM"]
[WhiteElo "2664"]
[BlackElo "2698"]
[WhiteTeam "USA"]
[BlackTeam "USA"]
[WhiteClock "0:07:01"]
[BlackClock "0:04:13"]
[Variant "Standard"]

1. e4 {[%clk 1:30:58]}  e6 {[%clk 1:29:28]} 2. d4 {[%clk 1:31:22]}  d5 {[%clk 1:29:53]} 3. Nc3 {[%clk 1:31:47]}  Nf6 {[%clk 1:30:17]} 4. e5 {[%clk 1:32:12]}  Nfd7 {[%clk 1:30:41]} 5. Nce2 {[%clk 1:32:41]}  c5 {[%clk 1:30:50]} 6. c3 {[%clk 1:33:10]}  Nc6 {[%clk 1:31:06]} 7. Nf3 {[%clk 1:33:39]}  Be7 {[%clk 1:31:14]} 8. h4 {[%clk 1:34:07]}  f6 {[%clk 1:16:29]} 9. Nf4 {[%clk 1:30:22]}  Ndxe5 {[%clk 1:16:50]} 10. dxe5 {[%clk 1:29:53]}  fxe5 {[%clk 1:17:14]} 11. Nh5 {[%clk 1:14:26]}  O-O {[%clk 1:16:18]} 12. Ng3 {[%clk 1:07:38]}  e4 {[%clk 0:58:10]} 13. Ng5 {[%clk 1:05:30]}  h6 {[%clk 0:56:03]} 14. Qh5 {[%clk 1:01:54]}  Qe8 {[%clk 0:43:35]} 15. Qxe8 {[%clk 0:57:22]}  Rxe8 {[%clk 0:44:00]} 16. N5xe4 {[%clk 0:54:29]}  dxe4 {[%clk 0:44:16]} 17. Nxe4 {[%clk 0:52:23]}  b6 {[%clk 0:44:20]} 18. Bf4 {[%clk 0:49:39]}  Rd8 {[%clk 0:41:55]} 19. Nd2 {[%clk 0:50:02]}  Bb7 {[%clk 0:40:01]} 20. O-O-O {[%clk 0:50:01]}  Bd6 {[%clk 0:36:11]} 21. Bxd6 {[%clk 0:48:38]}  Rxd6 {[%clk 0:36:37]} 22. Be2 {[%clk 0:48:42]}  Ne5 {[%clk 0:34:58]} 23. Nc4 {[%clk 0:48:28]}  Nxc4 {[%clk 0:33:07]} 24. Bxc4 {[%clk 0:48:56]}  Bd5 {[%clk 0:25:22]} 25. Rhe1 {[%clk 0:49:10]}  Rad8 {[%clk 0:25:12]} 26. Bxd5 {[%clk 0:49:20]}  exd5 {[%clk 0:25:36]} 27. Re7 {[%clk 0:47:03]}  R6d7 {[%clk 0:25:35]} 28. Rde1 {[%clk 0:44:48]}  Kf8 {[%clk 0:25:56]} 29. R7e5 {[%clk 0:45:05]}  Rc8 {[%clk 0:14:50]} 30. f4 {[%clk 0:43:15]}  d4 {[%clk 0:14:27]} 31. g4 {[%clk 0:38:01]}  dxc3 {[%clk 0:12:58]} 32. bxc3 {[%clk 0:38:29]}  Rcd8 {[%clk 0:12:34]} 33. g5 {[%clk 0:27:52]}  hxg5 {[%clk 0:07:35]} 34. hxg5 {[%clk 0:21:26]}  g6 {[%clk 0:07:47]} 35. Re6 {[%clk 0:20:44]}  Rf7 {[%clk 0:04:29]} 36. R1e4 {[%clk 0:10:27]}  Kg7 {[%clk 0:04:20]} 37. Rc6 {[%clk 0:10:22]}  Rdf8 {[%clk 0:02:41]} 38. Ree6 {[%clk 0:10:27]}  Rxf4 {[%clk 0:03:04]} 39. Rxg6+ {[%clk 0:10:52]}  Kh7 {[%clk 0:01:02]} 40. Rh6+ {[%clk 0:07:18]}  Kg7 {[%clk 0:00:55]} 41. Kb2 {[%clk 0:07:18]}  R8f5 {[%clk 0:24:56]} 42. Rhg6+ {[%clk 0:35:49]}  Kh7 {[%clk 0:22:23]} 43. Kb3 {[%clk 0:34:49]}  Rf2 {[%clk 0:10:47]} 44. a4 {[%clk 0:30:25]}  Rf1 {[%clk 0:05:58]} 45. Rh6+ {[%clk 0:26:58]}  Kg7 {[%clk 0:06:22]} 46. Rc7+ {[%clk 0:26:37]}  Rf7 {[%clk 0:06:33]} 47. Rhc6 {[%clk 0:14:38]}  Rg1 {[%clk 0:04:14]} 48. a5 {[%clk 0:10:21]}  Rxg5 {[%clk 0:00:50]} 49. a6 {[%clk 0:10:49]}  c4+ {[%clk 0:00:34]} 50. Kxc4 {[%clk 0:04:38]}  Ra5 {[%clk 0:00:59]} 51. Rxf7+ {[%clk 0:04:51]}  Kxf7 {[%clk 0:01:28]} 52. Rc7+ {[%clk 0:05:14]}  Ke6 {[%clk 0:01:57]} 53. Rxa7 {[%clk 0:05:39]}  Kd6 {[%clk 0:02:20]} 54. Kb4 {[%clk 0:04:38]}  Kc6 {[%clk 0:02:41]} 55. c4 {[%clk 0:05:06]}  Ra1 {[%clk 0:03:03]} 56. Ra8 {[%clk 0:04:44]}  Kc7 {[%clk 0:03:08]} 57. Kb3 {[%clk 0:05:08]}  Ra5 {[%clk 0:03:29]} 58. Kc3 {[%clk 0:05:24]}  Ra3+ {[%clk 0:03:55]} 59. Kd4 {[%clk 0:05:49]}  Ra5 {[%clk 0:04:21]} 60. Ke4 {[%clk 0:06:08]}  Kc6 {[%clk 0:03:36]} 61. Ra7 {[%clk 0:06:09]}  b5 {[%clk 0:02:57]} 62. cxb5+ {[%clk 0:06:24]}  Kxb5 {[%clk 0:03:24]} 63. Kd4 {[%clk 0:06:41]}  Rxa6 {[%clk 0:03:45]} 64. Rxa6 {[%clk 0:07:01]}  Kxa6 {[%clk 0:04:13]} 1/2-1/2